Doctor Who Companions 1963-2015 Quiz Stats

 Plays Quiz not verified by Sporcle

Challenge
Share
Tweet
Embed
Score 0/44 Timer 10:00
0 Plays Today
Doctor Companion % Correct
First DoctorSara Kingdom
93.2%
Third Doctor, Fourth Doctor & Tenth DoctorSarah Jane Smith
91.2%
Ninth Doctor & Tenth DoctorRose Tyler
90.5%
Ninth Doctor & Tenth DoctorCaptain Jack Harkness
89.3%
First DoctorSusan Foreman
88.4%
Eleventh DoctorAmy Pond
87.9%
Tenth DoctorMartha Jones
87.4%
Ninth Doctor & Tenth DoctorMickey Smith
87.3%
First DoctorIan Chesterton
86.6%
Eleventh DoctorRory Williams
86.6%
Tenth DoctorDonna Noble
86.2%
First DoctorBarbara Wright
86%
Eleventh DoctorRiver Song
85.7%
Eleventh Doctor & Twelth DoctorClara Oswin Oswald
85.3%
Third DoctorJosephine 'Jo' Grant
84.3%
Fourth DoctorK9 Mark I
83%
Fourth DoctorRomana I
83%
Fourth DoctorRomana II
83%
Seventh DoctorDorothy 'Ace' McShane
82.6%
Ninth DoctorAdam Mitchell
81.9%
Second DoctorJamie McCrimmon
81.5%
Third DoctorBrigadier Alistair Gordon Lethbridge-Stewart
80.2%
Doctor Companion % Correct
Fourth DoctorLeela
79.8%
Fourth Doctor & Fifth DoctorAdric
79.5%
Eighth DoctorDr. Grace Holloway
79.5%
Fourth Doctor & Fifth DoctorTegan Jovanka
79.3%
First Doctor & Second DoctorBen Jackson
78.4%
Third DoctorElizabeth 'Liz' Shaw
78.4%
First Doctor & Second DoctorPolly Wright
78.2%
Fifth Doctor & Sixth DoctorPerpigillium 'Peri' Brown
77.5%
Fourth Doctor & Fifth DoctorNyssa of Traken
77.1%
First DoctorDorothea 'Dodo' Chaplet
75.9%
Fourth DoctorK9 Mark II
75.7%
Second DoctorVictoria Waterfield
75.4%
First DoctorVicki Pallister
75%
Second DoctorZoe Heriot
74.1%
First DoctorSteven Taylor
73.7%
Sixth Doctor & Seventh DoctorMelanie Bush
73%
Fourth DoctorHarry Sullivan
72.8%
Third DoctorSergeant John Benton
71.9%
Third DoctorCaptain Mike Yates
71.2%
Fifth DoctorKamelion
70.9%
First DoctorKatarina
69.8%
Fifth DoctorVislor Turlough
69.4%

You're not logged in!

Compare scores with friends on all Sporcle quizzes.
OR
Log In

You Might Also Like...

Show Comments

Extras

Top Quizzes Today


Score Distribution

Your Account Isn't Verified!

In order to create a playlist on Sporcle, you need to verify the email address you used during registration. Go to your Sporcle Settings to finish the process.

Report this User

Report this user for behavior that violates our Community Guidelines.

Details: